UM Logo

Machine learning theory and applications : (Record no. 22910)

MARC details
000 -LEADER
fixed length control field 00717nam a22001937a 4500
005 - DATE AND TIME OF LATEST TRANSACTION
control field 20241105145838.0
008 - FIXED-LENGTH DATA ELEMENTS--GENERAL INFORMATION
fixed length control field 241024b |||||||| |||| 00| 0 eng d
020 ## - INTERNATIONAL STANDARD BOOK NUMBER
International Standard Book Number 9781394220618
082 ## - DEWEY DECIMAL CLASSIFICATION NUMBER
Classification number DC 006.31 V444 2024
100 ## - MAIN ENTRY--PERSONAL NAME
Personal name Vasques, Xavier.
9 (RLIN) 63453
245 ## - TITLE STATEMENT
Title Machine learning theory and applications :
Remainder of title hands-on use cases with python on classical and quantum machines /
Statement of responsibility, etc. Xavier Vasques.
260 ## - PUBLICATION, DISTRIBUTION, ETC. (IMPRINT)
Place of publication, distribution, etc. Canada :
Name of publisher, distributor, etc. John Wiley & Sons, Inc.,
Date of publication, distribution, etc. ©2024.
300 ## - PHYSICAL DESCRIPTION
Extent xx, 487 pages :
Other physical details illustrations ;
Dimensions 28 cm.
500 ## - GENERAL NOTE
General note Includes references and index.
650 #0 - SUBJECT ADDED ENTRY--TOPICAL TERM
Topical term or geographic name as entry element Machine learning.
9 (RLIN) 63628
650 #0 - SUBJECT ADDED ENTRY--TOPICAL TERM
Topical term or geographic name as entry element Quantum computing.
9 (RLIN) 63629
650 #0 - SUBJECT ADDED ENTRY--TOPICAL TERM
Topical term or geographic name as entry element Python (Computer program language).
9 (RLIN) 63630
942 ## - ADDED ENTRY ELEMENTS (KOHA)
Source of classification or shelving scheme Dewey Decimal Classification
Koha item type Circulation
Holdings
Withdrawn status Lost status Source of classification or shelving scheme Damaged status Not for loan Collection code Home library Current library Date acquired Source of acquisition Cost, normal purchase price Total Checkouts Full call number Barcode Date last seen Price effective from Koha item type
    Dewey Decimal Classification     Circulation UM Digos College - LIC UM Digos College - LIC 08/20/2024 Purchased 8993.00   DC 006.31 V444 2024 28499 05/15/2025 10/24/2024 Circulation